00338 a2200109 4500020001800000082001600018100002200034245005000056260005800106300003500164650002900199 a9780070588295 a624.151 GUL aGulhati,Shashi K. aGeotechnical Engineering /cShashi K. Gulhati aNew Delhi :cTata McGraw Hill Publishing Comp,b2007. axxviii,738p. :bill . ;c25 cm ageotechnical engineering